MARC

LEADER 00000nam0a2200000 4500
001 260645
005 20231101233509.0
010 |a 5707801081 
035 |a (RuTPU)RU\TPU\book\283598 
090 |a 260645 
100 |a 20140516d1990 m y0rusy50 ca 
101 0 |a rus 
102 |a RU 
105 |a a z 000ay 
200 1 |a Фавориты Екатерины II  |e роман  |f А. Н. Савин 
210 |a Ленинград  |c Дело  |d 1990 
215 |a 80 с.  |c ил. 
225 1 |a Историческая библиотека 
600 0 |a Екатерина Великая  |d II  |f 1729-1796  |c российская императрица (1762-1796)  |c урожденная принцесса Софья Фредерика Августа Ангальт-Цербстская  |2 stltpush  |3 (RuTPU)RU\TPU\pers\98 
606 1 |a Русская литература, дореволюционная  |2 stltpush  |3 (RuTPU)RU\TPU\subj\26371  |9 50314 
610 1 |a художественная литература 
610 1 |a романы 
610 1 |a исторические романы 
610 1 |a русская история 
610 1 |a 18 век 
675 |a Р1  |v 3 
700 1 |a Савин  |b А. Н.  |c российский историк  |f 1873-1923  |g Александр Николаевич  |2 stltpush  |3 (RuTPU)RU\TPU\pers\9725  |4 070  |9 1962 
801 1 |a RU  |b 63413507  |c 20140516 
801 2 |a RU  |b 63413507  |c 20211004  |g RCR 
942 |c BK